000 00611nam a2200241Ia 4500
001 26857
005 20240114000941.0
007 ta
008 060516s g b000 u 465 u
040 _aCotton College,Assam
041 _a465
082 _a824.83
_bM 119 T
100 _aMowat, A. .
245 0 _aMacaulay`s Third Chapter /
_cA. Mowat.
_hTextual Documents
250 _a1st ed. /
260 _aCalcutta :
_bThe Bina Library ,
_cnd.
300 _a336p. ;
_c18cm.
653 _aEnglish essays
653 _aG-English
942 _2ddc
_cBK
999 _c26839
_d26839